California Counties - County Seats and Biggest Cities - Statistics

General Stats
  • This quiz has been taken 68 times
    61 since last reset
  • The average score is 50 of 76
Answer Stats
County Answers % Correct
Alameda Oakland
97%
Orange Anaheim
91%
Los Angeles Los Angeles
91%
Sacramento Sacramento
91%
Santa Barbara Santa Barbara
91%
Fresno Fresno
89%
Riverside Riverside
89%
San Bernardino San Bernardino
89%
San Diego San Diego
89%
San Francisco San Francisco
89%
Santa Clara San Jose
89%
San Luis Obispo San Luis Obispo
89%
San Mateo San Mateo
89%
Santa Cruz Santa Cruz
89%
Kern Bakersfield
86%
Butte Chico
86%
Humboldt Eureka
86%
Napa Napa
86%
Ventura Oxnard
86%
Monterey Salinas
86%
Ventura Ventura
86%
Merced Merced
83%
Shasta Redding
83%
Contra Costa Richmond
83%
San Joaquin Stockton
83%
Tulare Visalia
83%
Orange Santa Ana
80%
Sutter Yuba City
80%
Madera Madera
77%
Sonoma Santa Rosa
77%
Solano Vallejo
77%
Imperial El Centro
74%
Stanislaus Modesto
71%
San Mateo Redwood City
71%
Santa Barbara Santa Maria
71%
Yolo Davis
69%
Solano Fairfield
69%
Marin San Rafael
69%
Inyo Bishop
66%
Mariposa Mariposa
66%
Placer Roseville
66%
Siskiyou Yreka
66%
Nevada Nevada City
63%
El Dorado Placerville
63%
Lassen Susanville
60%
Mendocino Ukiah
60%
Colusa Colusa
57%
Del Norte Crescent City
57%
Mono Mammoth Lakes
57%
Contra Costa Martinez
57%
Yuba Marysville
57%
Tehama Red Bluff
57%
Nevada Truckee
57%
San Benito Hollister
54%
Placer Auburn
51%
Butte Oroville
51%
Yolo Woodland
51%
Modoc Alturas
46%
Lake Clearlake
46%
El Dorado El Dorado Hills
46%
Kings Hanford
46%
Amador Jackson
46%
Trinity Weaverville
46%
Inyo Independence
43%
Alpine Markleeville
43%
Plumas Quincy
43%
Tuolumne Sonora
43%
Lake Lakeport
40%
Glenn Orland
34%
Calaveras San Andreas
34%
Mono Bridgeport
31%
Glenn Willows
31%
Sierra Loyalton
29%
Sierra Downieville
26%
Plumas East Quincy
26%
Calaveras Rancho Calaveras
20%
No matching quizzes found
Score Distribution
Percent of People with Each Score
Percentile by Number Answered
Your Score History
You have not taken this quiz since the last reset